FoxBASE+ - FoxView - FoxCode - FoxDoc
Na minha lista:
| Formato: | Livro |
|---|---|
| Idioma: | inglês |
| Publicado em: |
Perrysburg
Fox Software
1988
|
| Edição: | 1. ed. |
| Tags: |
Sem tags, seja o primeiro a adicionar uma tag!
|
MARC
| LEADER | 00000nam a2200000 4500 | ||
|---|---|---|---|
| 001 | c029141 | ||
| 005 | 20221219115853.2 | ||
| 041 | 0 | |a eng | |
| 044 | |a US | ||
| 245 | 1 | 0 | |a FoxBASE+ - FoxView - FoxCode - FoxDoc |
| 250 | |a 1. ed. | ||
| 264 | 1 | |a Perrysburg |b Fox Software |c 1988 | |
| 300 | |a Prer. s. | ||